| 000 | 00745cab a2200229 4500 | ||
|---|---|---|---|
| 001 | WB2937-22 | ||
| 008 | 090401t1993 xxu||||| |||| 00| 0 eng d | ||
| 035 | _a(Sirsi) u42593 | ||
| 041 | _aeng | ||
| 245 | _aNeed for legislation removed | ||
| 260 | _c1993 | ||
| 350 | _a0 | ||
| 490 |
_aRICS Press Release _v(PR184/93comm) 30 September 1993 (4) |
||
| 520 | _aThe RICS response to government consultation on commercial lease reform, covering upwards-only rent reviews, confidentiality clauses and dispute resolution procedures. | ||
| 650 | _aLEASE REFORM | ||
| 650 | _aLEASES | ||
| 650 | _aRICS RESPONSE | ||
| 650 | _aUPWARD ONLY RENT REVIEWS | ||
| 690 | _aLANDLORD AND TENANT-BUSINESS TENANCIES | ||
| 942 | _n0 | ||
| 948 | _c04/03/1997 | ||
| 999 |
_c27259 _d27259 |
||